Online Catalogue and eLibrary

Varakavi Sheik Alawdeen Padalhal: (Record no. 4259)

MARC details
000 -LEADER
fixed length control field 00511nam a2200181Ia 4500
005 - DATE AND TIME OF LATEST TRANSACTION
control field 20250227032633.0
008 - FIXED-LENGTH DATA ELEMENTS--GENERAL INFORMATION
fixed length control field 240331s9999 xx 000 0 und d
082 ## - DDC Classification
Item Number - Author Mark ANE
DDC Edition Number 3321
Class No. 920
245 #0 - TITLE STATEMENT
Title Varakavi Sheik Alawdeen Padalhal:
Remainder of title Thokuppum Aiwum
260 ## - PUBLICATION, DISTRIBUTION, ETC.
Place of publication, distribution, etc. Colombo
Name of publisher, distributor, etc. Office of the Minister of Muslim Religious and Cultural Affairs
Date of publication, distribution, etc. 1991
300 ## - PHYSICAL DESCRIPTION
Extent (e.g. Volumes, Pages etc.) 190 p.,
650 ## - SUBJECT ADDED ENTRY--TOPICAL TERM
Topical term or geographic name entry element Muslim Tamil
650 ## - SUBJECT ADDED ENTRY--TOPICAL TERM
Topical term or geographic name entry element Islam
650 ## - SUBJECT ADDED ENTRY--TOPICAL TERM
Topical term or geographic name entry element Poetry
650 ## - SUBJECT ADDED ENTRY--TOPICAL TERM
Topical term or geographic name entry element Literary Works
700 ## - ADDED ENTRY--PERSONAL NAME
Personal name Anes, M. S. M
Relator term (Role) Editor
942 ## - Koha item type (Biblio)
Koha item type Books in Stacks (Lending)
Holdings
Lost status Damaged status Collection code Home library Current library Shelving location Date acquired Full call number Accession Number Item type
    Lending WERC Library WERC Library Social Science Cupboard 03/31/2024 920 VAR 3321 Books in Stacks (Lending)

© WERC Library